Psychiatry (Record no. 152148)
[ view plain ]
| 000 -LEADER | |
|---|---|
| fixed length control field | 00392nam a2200145Ia 4500 |
| 008 - FIXED-LENGTH DATA ELEMENTS--GENERAL INFORMATION | |
| fixed length control field | 230411s9999 xx 000 0 und d |
| 020 ## - INTERNATIONAL STANDARD BOOK NUMBER | |
| International Standard Book Number | 81-7042-099-7 |
| 041 ## - LANGUAGE CODE | |
| Language code of text/sound track or separate title | eng |
| 082 ## - DEWEY DECIMAL CLASSIFICATION NUMBER | |
| Classification number | PS/616.89/RAO/KUR/B00706 |
| 100 ## - MAIN ENTRY--PERSONAL NAME | |
| Personal name | Rao Venkoba & Kuruvilla K |
| 9 (RLIN) | 176715 |
| 245 ## - TITLE STATEMENT | |
| Title | Psychiatry |
| 260 ## - PUBLICATION, DISTRIBUTION, ETC. (IMPRINT) | |
| Name of publisher, distributor, etc. | B I Churchill Living Stone |
| Place of publication, distribution, etc. | New Delhi |
| Date of publication, distribution, etc. | 1997 |
| 300 ## - PHYSICAL DESCRIPTION | |
| Extent | 256p |
| Withdrawn status | Lost status | Damaged status | Not for loan | Collection code | Home library | Current library | Date acquired | Vendor | Cost, normal purchase price | Bill number | Total Checkouts | Full call number | Barcode | Date last seen | Cost, replacement price | Bill Date | Koha item type | Original Barcode |
|---|---|---|---|---|---|---|---|---|---|---|---|---|---|---|---|---|---|---|
| Smt. Bakul Tambat Institute of Nursing Education | Smt. Bakul Tambat Institute of Nursing Education | 04/06/2002 | A.D.Kansara Pune. | 115.00 | 5663 | PS 616.89 RAO KUR B00706 | BTIN-BK-706 | 11/04/2023 | 115.00 | 04/06/2002 | Books | B00706 | ||||||
| Smt. Bakul Tambat Institute of Nursing Education | Smt. Bakul Tambat Institute of Nursing Education | 04/06/2002 | A.D.Kansara Pune. | 115.00 | 5663 | PS 616.89 RAO KUR B00707 | BTIN-BK-707 | 11/04/2023 | 115.00 | 04/06/2002 | Books | B00707 |